History by Letter - W - Statistics

General Stats
  • This quiz has been taken 109,991 times
    37,703 since last reset
  • The average score is 14 of 20
Answer Stats
Hint Answer % Correct
Once known as "The Great War" World War I
99%
Battle where Napoleon was defeated for good Waterloo
92%
Nixon's big political scandal Watergate
84%
Inventors of the airplane Wright Brothers
84%
City with the first Covid-19 outbreak Wuhan
84%
U.S. President during the above Woodrow Wilson
82%
City whose Jewish ghetto was razed in 1943 Warsaw
81%
Norman who conquered England in 1066 William the Conqueror
80%
German Kaiser during that same war Wilhelm II
76%
Name of the British royal family, since 1917 House of {Windsor}
73%
Beverage whose origin can be traced to Georgia c. 6000 BC Wine
73%
Place where English monarchs are crowned and buried Westminster Abbey
72%
Germany, from 1919–1933 {Weimar} Republic
67%
City burned by British troops in 1814 Washington D.C.
60%
Country conquered by Edward Longshanks in 1282 Wales
58%
German who composed "The Ring", a cycle of four operas Richard Wagner
56%
Former liberal political party of the U.S. and Great Britain Whig
56%
Scottish patriot drawn and quartered in 1305 William Wallace
53%
Irish writer who was jailed for having gay sex Oscar Wilde
51%
Lord Chancellor to King Henry VIII Cardinal {Wolsey}
28%
No matching quizzes found
Score Distribution
Percent of People with Each Score
Percentile by Number Answered
Your Score History
You have not taken this quiz since the last reset